000 00468nam a22001817a 4500
003 CEME
005 20210628201656.0
008 210215b xxu||||| |||| 00| 0 eng d
020 _a0-669-29790-9
040 _c.
082 _a808.84 BRA
100 _aBrandon, Lee
_956299
245 _aParagraphs and essays with multicultural readings
260 _aLEXINGTON
_bD.C HEATH AND COMPANY
_c1994
300 _aXXVI,589P
650 _aESSAYS
_956300
942 _cBK
_2ddc
999 _c566757
_d566757